समाजशास्त्र के मूलतत्व / (Record no. 14990)

MARC details
000 -LEADER
fixed length control field 01128nam a22002657a 4500
005 - DATE AND TIME OF LATEST TRANSACTION
control field 20080822142459.0
008 - FIXED-LENGTH DATA ELEMENTS--GENERAL INFORMATION
fixed length control field 080822t xxu||||| |||| 00| 0 hin d
010 ## - LIBRARY OF CONGRESS CONTROL NUMBER
LC control number HIN-84031
020 ## - INTERNATIONAL STANDARD BOOK NUMBER
Terms of availability 195.00
International Standard Book Number 9788120331815
035 ## - SYSTEM CONTROL NUMBER
System control number HN-56377
037 ## - SOURCE OF ACQUISITION
Stock number DBAD / PUB
040 ## - CATALOGING SOURCE
Original cataloging agency DPL
Language of cataloging HN
082 ## - DEWEY DECIMAL CLASSIFICATION NUMBER
Classification number 301
100 ## - MAIN ENTRY--PERSONAL NAME
Personal name सिंह, जे.पी.
245 ## - TITLE STATEMENT
Title समाजशास्त्र के मूलतत्व /
Statement of responsibility, etc जे.पी.सिंह
246 ## - VARYING FORM OF TITLE
Title proper/short title Samaajshaastra ke mulatatva
Remainder of title by J.P. Singh
250 ## - EDITION STATEMENT
Edition statement 2रा संस्क
260 ## - PUBLICATION, DISTRIBUTION, ETC. (IMPRINT)
Place of publication, distribution, etc नई दिल्ली
Name of publisher, distributor, etc प्रेंटिस हाल आफ इंडिया
Date of publication, distribution, etc 2007
270 ## - ADDRESS
Address एम-97, कनाट प्लेस
City नई दिल्ली
Postal code 110001
300 ## - PHYSICAL DESCRIPTION
Extent x,260पृ
Dimensions 22सेमी (अजिल्द)
650 ## - SUBJECT ADDED ENTRY--TOPICAL TERM
Topical term or geographic name as entry element समाजशास्त्र
650 ## - SUBJECT ADDED ENTRY--TOPICAL TERM
Topical term or geographic name as entry element Sociology
942 ## - ADDED ENTRY ELEMENTS (KOHA)
Source of classification or shelving scheme Dewey Decimal Classification
Koha item type Hindi Books
Call number prefix सिंहजे
Classification part 301
Holdings
Withdrawn status Lost status Damaged status Not for loan Collection code Home library Current library Date acquired Source of acquisition Cost, normal purchase price Total Checkouts Full call number Barcode Date last seen Copy number Cost, replacement price Price effective from Koha item type
      Not For Loan Non-fiction D.B.Act.Division D.B.Act.Division 22/08/2008 DBAD / PUB 195.00   301 सिंहजे HN-56377 15/09/2008 1 195.00 15/09/2008 Hindi Books

© Delhi Public Library
Hit Counter
free hit counter